| 000 | 00896cam a2200265 4500 | ||
|---|---|---|---|
| 001 | 1961 | ||
| 005 | 20181127164309.0 | ||
| 008 | 851119m19861989mnu b s001 0 eng | ||
| 010 | _a 85028898 | ||
| 020 | _a0816613990 (v. 1) | ||
| 020 | _a0816614008 (pbk. : v. 1) | ||
| 020 | _a0816616760 (v. 2) | ||
| 020 | _a0816616779 (pbk. ; v. 2) | ||
| 041 | 1 | _aengfre | |
| 100 | 1 |
_aDeleuze, Gilles, _d1925-1995. |
|
| 240 | 1 | 0 |
_aCinema. _lEnglish |
| 245 | 1 | 0 |
_aCinema / _cGilles Deleuze ; translated by Hugh Tomlinson and Barbara Habberjam. |
| 260 |
_aMinneapolis : _bUniversity of Minnesota, _cc1986-c1989. |
||
| 300 |
_a2 v. ; _c23 cm. |
||
| 500 | _aTranslation of: Cinema. | ||
| 500 | _aVol. 2 translated by Hugh Tomlinson and Robert Galeta. | ||
| 504 | _aIncludes bibliographies and indexes. | ||
| 505 | 0 | _a1. The movement-image -- 2. The time-image. | |
| 650 | 0 |
_aMotion pictures _xPhilosophy. |
|
| 999 |
_c1514 _d1514 |
||